00494nmm a2200157Ia 4500008004100000020001800041041000800059100002200067245002400089264008500113300001600198650003000214700002200244700001900266856005100285251105s9999||||xx |||||||||||||||||und|| a9788417541149 aspa aSinisalo, Johanna 0aEl núcleo del sol a[Madrid, España] :bRoca Editorial, c[Fecha de publicación no identificada] a0 páginas aScience fiction & Fantasy aSinisalo, Johanna1 a Tejera, David uhttps://public.digitaliapublishing.com/a/82265